<?xml version="1.0" encoding="UTF-8"?>
<collection xmlns="http://www.loc.gov/MARC21/slim">
 <record>
  <leader>00682pamaa2200193   4500</leader>
  <controlfield tag="001">0000041953</controlfield>
  <controlfield tag="005">20070516090000.0</controlfield>
  <controlfield tag="008">070516                             eng  </controlfield>
  <datafield tag="020" ind1="0" ind2="0">
   <subfield code="a">1597490598 (pbk.) </subfield>
  </datafield>
  <datafield tag="090" ind1="0" ind2="0">
   <subfield code="a">QA76.76.O63 </subfield>
   <subfield code="b">SCR 2006</subfield>
  </datafield>
  <datafield tag="245" ind1="1" ind2="0">
   <subfield code="a">SCRIPTING VMware : </subfield>
   <subfield code="b">Power tools for automating virtual infrastructure administration  </subfield>
   <subfield code="c">Al Muller ...et all.</subfield>
  </datafield>
  <datafield tag="260" ind1="0" ind2="0">
   <subfield code="a">Rockland, MA: </subfield>
   <subfield code="b">Syngress Publishing, </subfield>
   <subfield code="c">2006.</subfield>
  </datafield>
  <datafield tag="300" ind1=" " ind2=" ">
   <subfield code="a">xviii, 398p: </subfield>
   <subfield code="b">ill; </subfield>
   <subfield code="c">23 cm.</subfield>
  </datafield>
  <datafield tag="504" ind1="0" ind2="0">
   <subfield code="a">Includes bibliographical references and index</subfield>
  </datafield>
  <datafield tag="650" ind1="0" ind2="0">
   <subfield code="a">Operating systems (Computers) </subfield>
  </datafield>
  <datafield tag="650" ind1="0" ind2="0">
   <subfield code="a">VMware </subfield>
  </datafield>
  <datafield tag="650" ind1="0" ind2="0">
   <subfield code="a">Virtual computer systems </subfield>
  </datafield>
  <datafield tag="700" ind1="1" ind2="1">
   <subfield code="a">Muller, </subfield>
   <subfield code="h">Al </subfield>
  </datafield>
  <datafield tag="901" ind1=" " ind2=" ">
   <subfield code="u">http://www.syngress.com</subfield>
  </datafield>
 </record>
</collection>
